000 00918nam a2200289Ia 4500
003 OSt
005 20221007125824.0
006 a|||||r|||| 00| 0
007 ta
008 221006b |||||||| |||| 00| 0 eng d
020 _a9780495411352 (pbk)
_c0
037 _b1297, 28/03/2011, Ashutosh Technical Books
_cTextual
040 _aDGL
_cDGL
_beng
041 _2eng
_aeng
082 _aJ:1, Q1 TH
100 _aDas Braja M
_9722596
245 0 _aPrinciples of soil dynamic
250 _a2
260 _aStamford
_bCengage Learning
_c2011
300 _a563p.
_ccm.
500 _aIncludes bibliographical references.; Appendix A-553-555p.; Index 556-563p.
650 _a Soil sciences
_9722597
650 _aGeology
700 _a Ramana G V
_9722598
942 _hJ:1, Q1 TH
_cTEXL
_2CC
999 _c1215878
_d1215878